| 000 | 00818nam a22002412 4500 | ||
|---|---|---|---|
| 001 | 0000004929 | ||
| 005 | 20151217151946.0 | ||
| 008 | 070604s xx 000 0 eng d | ||
| 020 | _cKES 300 (donation) | ||
| 040 |
_aKABU _cKABU |
||
| 050 | 0 |
_aRC423 _b.S47 1994 |
|
| 245 | 1 | 0 |
_aSevere communication disorders : _bintervention strategies / _cedited by Katharine G. Butler. |
| 260 |
_aMaryland : _bAspen, _c1994. |
||
| 300 | _aix, 224 p. | ||
| 650 | 0 |
_aSpeech theraphy. _@0000155895 |
|
| 700 | 1 |
_aButler, Katharine G. _@0000155896 |
|
| 908 | _a070604 | ||
| 950 | _@1 | ||
| 999 |
_c6730 _d6730 |
||